[Event "Superliga w Szachach Szybkich"]
[Site "Wroclaw, Katowice, Krakow, Poznan"]
[Date "2023-10-17"]
[Round "2.2"]
[White "Koziorowicz, Michal"]
[Black "Licznerski, Lukasz"]
[Result "1/2-1/2"]
[WhiteTitle "FM"]
[BlackTitle "IM"]
[WhiteElo "2177"]
[BlackElo "2423"]

1. e4 2. c6 3. d4 4. d5 5. Nc3 6. dxe4 7. Nxe4 8. h6 9. c3 10. Bf5 11. Ng3 12.
Bh7 13. Nf3 14. e6 15. Bd3 16. Bxd3 17. Qxd3 18. Nf6 19. O-O 20. Be7 21. b3 22.
c5 23. Bb2 24. cxd4 25. Qxd4 26. Nc6 27. Qxd8+ 28. Rxd8 29. Rfd1 30. Bc5 31. c4
32. Ke7 33. a3 34. a5 35. Kf1 36. Ba7 37. h3 38. g5 39. Ke2 40. Rhg8 41. Rxd8
42. Rxd8 43. Rd1 44. Rxd1 45. Kxd1 46. Nd7 47. Ke2 48. Nc5 49. Nd2 50. f6 51.
Nge4 52. Nxe4 53. Nxe4 54. Bd4 55. Bc1 56. f5 57. Nd2 58. e5 59. f3 60. Kd6 61.
Kd3 62. Nd8 63. b4 64. a4 65. Nf1 66. Ne6 67. Ng3 68. Ng7 69. Ne2 70. Ba1 71.
Ng3 72. f4 73. Ne4+ 74. Kc6 75. c5 76. Kd5 77. Nf6+ 78. Ke6 79. Ne4 80. Kd5 81.
Nf6+ 82. Ke6 83. Ne4 84. Kd5 85. Nf6+ 86. Ke6 87. Ng4 88. h5 89. Nf2 90. Kd5 91.
Ne4 92. Nf5 93. Nxg5 94. Nh4 95. Ne4 96. Nxg2 97. Nf6+ 98. Ke6 99. Nxh5 100. Kf7
101. b5 102. Bd4 103. c6 104. bxc6 105. bxc6 106. Bb6 107. Ke4 108. Kg6 109. Nxf4+
110. Nxf4 111. Bxf4 112. exf4 113. Kxf4 114. Kf6 115. Ke4 116. Ke6 117. c7 118.
Bxc7 119. Kd4 120. Bd6 121. Kc4 122. Bxa3 123. Kb5 124. Kf5 125. Kxa4 126. Be7
127. f4 128. Kxf4 129. h4 130. Bxh4 1/2-1/2

[Event "Superliga w Szachach Szybkich"]
[Site "Wroclaw, Katowice, Krakow, Poznan"]
[Date "2023-10-17"]
[Round "2.3"]
[White "Klimkowski, Jan"]
[Black "Dzida, Kamil"]
[Result "1-0"]
[WhiteTitle "IM"]
[BlackTitle "m"]
[WhiteElo "2368"]
[BlackElo "2129"]

1. d4 2. Nf6 3. c4 4. e6 5. Nc3 6. Bb4 7. f3 8. c5 9. d5 10. b5 11. e4 12. O-O
13. e5 14. Ne8 15. f4 16. exd5 17. cxd5 18. d6 19. Nf3 20. c4 21. a4 22. Nd7 23.
axb5 24. dxe5 25. Bxc4 26. Nd6 27. Be2 28. e4 29. Nd4 30. Nf6 31. Nc6 32. Bxc3+
33. bxc3 34. Qb6 35. c4 36. Nf5 37. Qd2 38. Bd7 39. Qc3 40. Bxc6 41. bxc6 42.
h5 43. Ba3 44. Rfe8 45. Qb2 46. Qe3 47. Qd2 48. Qb3 49. Bc5 50. Rad8 51. O-O 52.
Nxd5 53. cxd5 54. Rxd5 55. Qc1 56. Rdd8 57. c7 58. Rc8 59. Rxa7 60. e3 61. Ba6
62. e2 63. Re1 64. Ra8 65. Rxa8 66. Rxa8 67. c8=Q+ 1-0

[Event "Superliga w Szachach Szybkich"]
[Site "Wroclaw, Katowice, Krakow, Poznan"]
[Date "2023-10-17"]
[Round "2.4"]
[White "Siekanska, Maria"]
[Black "Kulon, Klaudia"]
[Result "1-0"]
[WhiteTitle "k++"]
[BlackTitle "IM"]
[WhiteElo "2006"]
[BlackElo "2271"]

1. d4 2. Nf6 3. c4 4. g6 5. g3 6. Bg7 7. Bg2 8. O-O 9. Nf3 10. d6 11. O-O 12. Nc6
13. Nc3 14. e5 15. d5 16. Nb8 17. e4 18. a5 19. Ne1 20. Na6 21. Nd3 22. Nd7 23.
Be3 24. f5 25. Qd2 26. Nb4 27. Nxb4 28. axb4 29. Nb5 30. f4 31. gxf4 32. exf4
33. Bxf4 34. Ne5 35. Bxe5 36. Bxe5 37. f4 38. Bg7 39. Nd4 40. Qf6 41. e5 42. dxe5
43. fxe5 44. Qxe5 45. Rxf8+ 46. Kxf8 47. Qxb4+ 48. Kg8 49. Ne6 50. Bh6 51. Re1
52. Qd6 53. c5 54. Qd7 55. d6 56. cxd6 57. Bd5 58. dxc5 59. Qb3 60. c4 61. Qxc4
62. Ra5 63. Nc5+ 64. Kh8 65. Nxd7 66. Bxd7 67. Qc3+ 68. Bg7 69. Qxa5 1-0

[Event "Superliga w Szachach Szybkich"]
[Site "Wroclaw, Katowice, Krakow, Poznan"]
[Date "2023-10-17"]
[Round "2.5"]
[White "Harikrishna, Pentala"]
[Black "Moranda, Wojciech"]
[Result "1/2-1/2"]
[WhiteTitle "GM"]
[BlackTitle "GM"]
[WhiteElo "2630"]
[BlackElo "2562"]

1. Nf3 2. Nf6 3. g3 4. d5 5. Bg2 6. e6 7. O-O 8. c5 9. c4 10. d4 11. d3 12. Nc6
13. Bf4 14. Be7 15. Ne5 16. Nxe5 17. Bxe5 18. O-O 19. Bxf6 20. Bxf6 21. b4 22.
cxb4 23. a3 24. Be7 25. axb4 26. Bxb4 27. Na3 28. Rb8 29. Nc2 30. Bc5 31. Qd2
32. Bd7 33. e3 34. Bc6 35. exd4 36. Bxg2 37. Kxg2 38. Bxd4 39. Nxd4 40. Qxd4 41.
Qe3 42. Rfd8 43. Qxd4 44. Rxd4 45. Rxa7 46. Rxd3 47. Rb1 48. Rd7 49. c5 50. Rc7
51. c6 52. Rxc6 53. Rbxb7 54. Rf8 1/2-1/2

[Event "Superliga w Szachach Szybkich"]
[Site "Wroclaw, Katowice, Krakow, Poznan"]
[Date "2023-10-17"]
[Round "2.6"]
[White "Plat, Vojtech"]
[Black "Bartel, Mateusz"]
[Result "1/2-1/2"]
[WhiteTitle "GM"]
[BlackTitle "GM"]
[WhiteElo "2542"]
[BlackElo "2520"]

1. d4 2. d5 3. c4 4. c6 5. Nc3 6. Nf6 7. cxd5 8. cxd5 9. Bf4 10. Nc6 11. e3 12.
Bg4 13. f3 14. Bd7 15. g4 16. e6 17. h4 18. a6 19. Rc1 20. Be7 21. Bd3 22. Rc8
23. Nge2 24. b5 25. Kf2 26. Qb6 27. Ng3 28. Kd8 29. Kg2 30. h5 31. g5 32. Ne8
33. e4 34. Bd6 35. Bxd6 36. Nxd6 37. exd5 38. Nxd4 39. dxe6 40. fxe6 41. Nce4
42. Rxc1 43. Qxc1 44. Rf8 45. Qc5 46. Qxc5 47. Nxc5 48. Bc6 49. Be4 50. Bxe4 51.
Ngxe4 52. Nc4 53. Re1 54. Ke7 55. Ng3 56. Rxf3 57. Nxh5 58. Ne3+ 59. Kg1 60. g6
61. Nf6 62. Ndf5 63. h5 64. gxh5 65. Nxh5 66. Rh3 67. Nf4 68. Rg3+ 69. Kf2 70.
Rxg5 71. Ncxe6 72. Rg2+ 73. Kf3 74. Rxb2 75. Ng7 76. Nxg7 77. Rxe3+ 78. Kd6 79.
Ra3 80. Ke5 1/2-1/2

[Event "Superliga w Szachach Szybkich"]
[Site "Wroclaw, Katowice, Krakow, Poznan"]
[Date "2023-10-17"]
[Round "2.7"]
[White "Gumularz, Szymon"]
[Black "Nasuta, Grzegorz"]
[Result "1-0"]
[WhiteTitle "GM"]
[BlackTitle "GM"]
[WhiteElo "2553"]
[BlackElo "2402"]

1. e4 2. c5 3. Nf3 4. d6 5. Nc3 6. Nf6 7. d4 8. cxd4 9. Qxd4 10. Nc6 11. Qd3 12.
Bg4 13. h3 14. Bxf3 15. Qxf3 16. e6 17. Qg3 18. Nh5 19. Qg5 20. Qxg5 21. Bxg5
22. Be7 23. Bd2 24. a6 25. O-O-O 26. h6 27. Be2 28. Nf6 29. Be3 30. Rc8 31. f3
32. Nd7 33. h4 34. Na5 35. Bf4 36. Ne5 37. Bxe5 38. dxe5 39. Nb1 40. Bc5 41. c3
42. Be3+ 43. Kc2 44. Ke7 45. Rd3 46. Ba7 47. Rhd1 48. Rhd8 49. Rxd8 50. Rxd8 51.
Rxd8 52. Kxd8 53. b4 54. Nc6 55. h5 56. Bb6 57. Nd2 58. Bc7 59. Nb3 60. Nb8 61.
a4 62. Nd7 63. a5 64. Bd6 65. Nc1 66. Ke7 67. Nd3 68. f5 69. c4 70. Nf6 71. c5
72. Bc7 73. g4 74. fxe4 75. fxe4 76. Nd7 77. Ne1 78. Nb8 79. Kc3 80. Nc6 81. Nf3
82. Kf6 83. Bc4 84. Ne7 85. Kb3 86. Nc6 87. Kc3 88. Ne7 89. Bb3 90. Nc6 91. Ba4
92. Na7 93. Kc4 94. Ke7 95. g5 96. hxg5 97. Nxg5 98. Kf6 99. Nf3 100. Ke7 101.
Kd3 102. Kf6 103. Ke2 104. Bd8 105. Kf2 106. Bc7 107. Kg3 108. Bd8 109. Kg4 110.
Bc7 111. Nd2 112. Nc8 113. Nc4 114. Na7 115. Nd6 116. Nc6 117. Ne8+ 1-0

[Event "Superliga w Szachach Szybkich"]
[Site "Wroclaw, Katowice, Krakow, Poznan"]
[Date "2023-10-17"]
[Round "2.8"]
[White "Maltsevskaya, Aleksandra"]
[Black "Zawadzka, Jolanta"]
[Result "1-0"]
[WhiteTitle "IM"]
[BlackTitle "WGM"]
[WhiteElo "2348"]
[BlackElo "2258"]

1. e4 2. c5 3. Nf3 4. e6 5. d4 6. cxd4 7. Nxd4 8. Nc6 9. Nc3 10. Qc7 11. f4 12.
Nxd4 13. Qxd4 14. b6 15. Nb5 16. Qc6 17. b4 18. a6 19. Nc3 20. Bb7 21. Bd3 22.
Nf6 23. O-O 24. a5 25. Ba3 26. Rc8 27. Nb5 28. Nxe4 29. Na7 30. Qc3 31. Bb2 32.
Qxd4+ 33. Bxd4 34. Rb8 35. bxa5 36. bxa5 37. Rfb1 38. Bc5 39. Bxc5 40. Nxc5 41.
Rb5 42. d6 43. Rab1 44. Kd7 45. Rxa5 46. Nxd3 47. cxd3 48. Bd5 49. Nb5 50. Ra8
51. Rxa8 52. Rxa8 53. Nc3 54. Bc6 55. Rb3 56. e5 57. fxe5 58. dxe5 59. g3 60.
Kd6 61. Kf2 62. f5 63. a4 64. Bxa4 65. Rb6+ 66. Kc5 67. Rb7 68. g6 69. Rxh7 70.
Kd4 71. Rc7 72. e4 73. dxe4 74. fxe4 75. Ne2+ 76. Ke5 77. Rc5+ 78. Kd6 79. Rg5
80. Be8 81. Ke3 82. Ra2 83. Nc3 84. Rxh2 85. Nxe4+ 86. Ke6 87. Kf4 88. Kf7 89.
Rc5 90. Bd7 91. Rc7 92. Ke7 93. Kg5 94. Re2 95. Nc5 96. Kd6 97. Rxd7+ 98. Kxc5
99. Kxg6 100. Rg2 101. Rd3 102. Kc4 103. Rf3 104. Kd4 105. Kf5 106. Ra2 107. g4
108. Ra8 109. Rf4+ 110. Kd5 111. Kg6 112. Ke5 113. Rf5+ 114. Ke6 115. Rf6+ 116.
Ke7 117. g5 118. Rg8+ 119. Kh6 120. Ra8 121. Kg7 1-0

[Event "Superliga w Szachach Szybkich"]
[Site "Wroclaw, Katowice, Krakow, Poznan"]
[Date "2023-10-17"]
[Round "2.9"]
[White "Shevchenko, Kirill"]
[Black "Pechac, Jergus"]
[Result "1/2-1/2"]
[WhiteTitle "GM"]
[BlackTitle "GM"]
[WhiteElo "2613"]
[BlackElo "2548"]

1. c4 2. e6 3. g3 4. d5 5. Bg2 a6 6. d4 7. dxc4 8. Nf3 9. b5 10. Ne5 11. c6 12.
O-O 13. Bb7 14. b3 15. cxb3 16. Qxb3 17. Nf6 18. a4 19. Be7 20. axb5 21. axb5
22. Rxa8 23. Bxa8 24. Qa2 25. Bb7 26. Qa7 27. Qc8 28. Nd2 29. Nbd7 30. Nb3 31.
Bd8 32. Bf4 33. O-O 34. Nxd7 35. Nxd7 36. Bd6 37. Bb6 38. Qa3 39. Rd8 40. Rc1
41. Nf6 42. e3 43. Nd5 44. e4 45. Bc7 46. Bc5 47. Nb6 48. Na5 49. Ba8 50. Qb4
51. Na4 52. Be7 53. Bxa5 54. Qxa5 55. Rxd4 56. e5 57. Nb2 58. Qc3 59. Rd7 60.
Qxb2 61. Rxe7 62. Qxb5 Rd7 63. Qa5 64. h6 65. h4 66. Bb7 67. Rb1 68. Qc7 69. Qc5
70. Qd8 71. Bf3 72. g6 73. Kg2 74. Kg7 75. Rb4 76. Qe7 77. Qc3 78. c5 79. Rc4
80. Bxf3+ 81. Qxf3 82. Rd4 83. Qf6+ 84. Qxf6 85. exf6+ 86. Kxf6 87. Rxc5 Ra4 88.
Rb5 89. Ra7 90. Rc5 91. e5 92. Rc6+ 93. Kf5 94. h5 95. gxh5 96. Rxh6 97. Kg5 98.
Rh8 99. f6 100. Rg8+ 101. Kf5 102. Rh8 103. Kg6 104. Rg8+ 105. Rg7 106. Ra8 107.
Rc7 108. Rg8+ 109. Rg7 110. Ra8 111. Kh7 112. Rf8 113. Rg6 114. Rf7+ 115. Kh6
116. Kf3 117. Kg5 118. Re7 119. Rg8 120. Kg2 121. Rh8 122. Kf3 123. Kf5 124. Rb7
125. Ra8 126. Rh7 127. Kg6 128. Re7 129. Ra2 130. Re8 131. Ra3+ 132. Kg2 133.
Ra7 134. Kf3 135. Ra5 136. Kg2 137. Rb5 138. Kf3 139. Kf7 140. Rh8 141. Kg7 142.
Rxh5 143. Rb3+ 144. Ke4 1/2-1/2

[Event "Superliga w Szachach Szybkich"]
[Site "Wroclaw, Katowice, Krakow, Poznan"]
[Date "2023-10-17"]
[Round "2.10"]
[White "Leniart, Arkadiusz"]
[Black "Areshchenko, Alexander"]
[Result "1/2-1/2"]
[WhiteTitle "GM"]
[BlackTitle "GM"]
[WhiteElo "2418"]
[BlackElo "2558"]

1. e4 2. c5 3. c3 4. Nf6 5. e5 6. Nd5 7. Nf3 8. e6 9. Bc4 10. d6 11. exd6 12. Bxd6
13. d4 14. O-O 15. O-O 16. Nc6 17. dxc5 18. Bxc5 19. Nbd2 20. a6 21. a4 22. b6
23. Nb3 24. Be7 25. Qe2 26. Qc7 27. Bxd5 28. exd5 29. Nfd4 30. Bf6 31. Nxc6 32.
Qxc6 33. Be3 34. Bf5 35. Nd4 36. Bxd4 37. Bxd4 38. Rfe8 39. Qf3 40. Bg6 41. Rfe1
42. h5 43. h3 44. Rac8 45. Qf4 46. b5 47. a5 48. Re6 49. Re5 50. f6 51. Rxe6 52.
Qxe6 53. f3 54. Re8 55. Qg3 56. Kh7 57. Qf2 58. Qe2 59. Qxe2 60. Rxe2 61. b4 62.
Bd3 63. Rd1 64. Bc4 65. h4 66. Kg6 67. Kh2 68. Kf5 69. Kg3 70. g5 71. Rh1 72.
Kg6 73. Rg1 74. Kf5 75. Rh1 76. Kg6 77. Rg1 78. Kf5 79. Rh1 1/2-1/2

[Event "Superliga w Szachach Szybkich"]
[Site "Wroclaw, Katowice, Krakow, Poznan"]
[Date "2023-10-17"]
[Round "2.11"]
[White "Piorun, Kacper"]
[Black "Zwardon, Vojtech"]
[Result "1/2-1/2"]
[WhiteTitle "GM"]
[BlackTitle "IM"]
[WhiteElo "2472"]
[BlackElo "2424"]

1. d4 2. Nf6 3. Nf3 4. e6 5. c4 6. c5 7. d5 8. b5 9. dxe6 10. fxe6 11. cxb5 12.
a6 13. bxa6 14. Bxa6 15. g3 16. d5 17. Bg2 18. Nc6 19. O-O 20. Bd6 21. Bg5 22.
h6 23. Bxf6 24. Qxf6 25. Nc3 26. Rb8 27. Ne4 28. Qe7 29. Qa4 30. Bb5 31. Nxd6+
32. Qxd6 33. Qc2 34. O-O 35. Rfc1 36. c4 37. b3 38. cxb3 39. axb3 40. e5 41. e3
42. e4 43. Ne1 44. Kh8 45. Qc5 46. Qe6 47. Rd1 48. Rfd8 49. Nc2 50. Bd3 51. Ne1
52. Ne5 53. Ra3 54. Qf5 55. Qc3 56. Rbc8 57. Qd2 58. Rf8 59. h3 60. Rc7 61. Rda1
62. Rcf7 63. Ra8 64. Qxf2+ 65. Qxf2 66. Rxf2 67. b4 68. Kh7 69. Rxf8 70. Rxf8
71. Nxd3 72. Nxd3 73. Rb1 74. Rb8 75. b5 76. Rb6 77. Bf1 78. Ne5 79. Rd1 80. Rd6
81. Rb1 82. Nd7 83. Rc1 84. Nb6 85. Kf2 86. Kg6 87. Rc7 88. Kf6 89. h4 90. g6
91. Be2 92. h5 93. Ke1 94. Ke5 95. Re7+ 96. Re6 97. Rc7 98. Rd6 99. Rc5 100. Nd7
101. Rc8 102. d4 103. exd4+ 104. Kxd4 105. Rd8 106. Kc5 107. g4 108. hxg4 109.
Bxg4 110. Nf6 111. Rxd6 112. Kxd6 113. Be2 114. Kc5 115. Kd2 116. Nd5 117. h5
118. gxh5 119. Bxh5 120. Kxb5 121. Bg6 122. e3+ 123. Kd3 124. Kc5 125. Be4 126.
e2 127. Kxe2 128. Nc3+ 129. Kd3 130. Nxe4 131. Kxe4 1/2-1/2

[Event "Superliga w Szachach Szybkich"]
[Site "Wroclaw, Katowice, Krakow, Poznan"]
[Date "2023-10-17"]
[Round "2.12"]
[White "Leks, Maria"]
[Black "Jarocka, Liwia"]
[Result "0-1"]
[WhiteTitle "WFM"]
[BlackTitle "FM"]
[WhiteElo "1998"]
[BlackElo "1975"]

1. e4 2. c6 3. c4 4. d5 5. exd5 6. cxd5 7. cxd5 8. Nf6 9. Qa4+ 10. Nbd7 11. Nc3
12. g6 13. Bc4 14. Bg7 15. Nf3 16. a6 17. d3 18. O-O 19. Qa3 20. b6 21. O-O 22.
Bb7 23. Re1 24. Re8 25. Ng5 26. Rc8 27. Bd2 28. b5 29. Bb3 30. Nc5 31. d6 32.
e6 33. Nce4 34. Nfxe4 35. dxe4 36. Qxd6 37. Bb4 38. Qb6 39. Ba5 40. Qa7 41. Rad1
42. h6 43. Nf3 44. Bxe4 45. Re3 46. Nxb3 47. axb3 48. Bd5 49. Ne5 50. Qb7 51.
b4 52. Bxg2 53. Nd7 54. Bf3 55. Rxf3 56. Bxb2 57. Qe3 58. Red8 59. Bxd8 60. Rxd8
61. Qd2 62. Qxf3 63. Re1 64. Qg4+ 65. Kh1 66. Qf3+ 67. Kg1 68. Bc3 69. Qe2 70.
Qxe2 71. Rxe2 72. Rxd7 0-1

[Event "Superliga w Szachach Szybkich"]
[Site "Wroclaw, Katowice, Krakow, Poznan"]
[Date "2023-10-17"]
[Round "2.13"]
[White "Tomczak, Jacek"]
[Black "Wojtaszek, Radoslaw"]
[Result "1/2-1/2"]
[WhiteTitle "GM"]
[BlackTitle "GM"]
[WhiteElo "2549"]
[BlackElo "2648"]

1. e4 2. c6 3. Nc3 4. d5 5. Nf3 6. Bg4 7. h3 8. Bxf3 9. Qxf3 10. e6 11. Be2 12.
Bc5 13. O-O 14. Nd7 15. d3 16. Ne7 17. Qg3 18. O-O 19. Bf4 20. Ng6 21. Bd6 22.
Bxd6 23. Qxd6 24. Nf6 25. Qxd8 26. Rfxd8 27. g3 28. Kf8 29. f4 30. dxe4 31. Nxe4
32. Nxe4 33. dxe4 34. Rd4 35. Bd3 36. Rad8 37. Kf2 38. c5 39. Ke3 40. Ne7 41.
Rad1 42. Nc6 43. c3 44. R4d7 45. Be2 46. Rxd1 47. Rxd1 48. Rxd1 1/2-1/2

[Event "Superliga w Szachach Szybkich"]
[Site "Wroclaw, Katowice, Krakow, Poznan"]
[Date "2023-10-17"]
[Round "2.14"]
[White "Kollars, Dmitrij"]
[Black "Warakomski, Tomasz"]
[Result "1-0"]
[WhiteTitle "GM"]
[BlackTitle "GM"]
[WhiteElo "2560"]
[BlackElo "2461"]

1. e4 2. c5 3. Nf3 4. e6 5. d4 6. cxd4 7. Nxd4 8. a6 9. c4 10. Nf6 11. Nc3 12.
Bb4 13. Bd3 14. Nc6 15. Nc2 16. Bxc3+ 17. bxc3 18. d5 19. exd5 20. exd5 21. O-O
22. O-O 23. cxd5 24. Qxd5 25. c4 26. Qa5 27. Bb2 28. Ne5 29. Ne3 30. Be6 31. Be2
32. Rfd8 33. Qb3 34. Ne4 35. Rfd1 36. Nc5 37. Qc2 38. Ng6 39. Nd5 40. Bxd5 41.
cxd5 42. Nf4 43. Bf3 44. Na4 45. Rd4 46. Re8 47. h4 48. Re1+ 49. Rxe1 50. Qxe1+
51. Kh2 52. Nxb2 53. Rxf4 54. Qe5 55. g3 56. b5 57. Rf5 58. Qd4 59. d6 60. Rf8
61. Rd5 62. Qf6 63. d7 64. Nc4 65. Qe4 66. Nd6 67. Qd3 68. Nb7 69. Rf5 1-0

[Event "Superliga w Szachach Szybkich"]
[Site "Wroclaw, Katowice, Krakow, Poznan"]
[Date "2023-10-17"]
[Round "2.15"]
[White "Klekowski, Maciej"]
[Black "Teclaf, Pawel"]
[Result "1/2-1/2"]
[WhiteTitle "GM"]
[BlackTitle "GM"]
[WhiteElo "2405"]
[BlackElo "2508"]

1. c4 2. Nf6 3. Nc3 4. b6 5. Nf3 6. Bb7 7. d4 8. e6 9. a3 10. d5 11. cxd5 12. Nxd5
13. Qa4+ 14. c6 15. e4 16. Nxc3 17. bxc3 18. Be7 19. Bd3 20. Nd7 21. Qc2 22. c5
23. O-O 24. cxd4 25. cxd4 26. Rc8 27. Qe2 28. O-O 29. Rd1 30. Qc7 31. Bb2 32.
Qf4 33. a4 34. Nf6 35. Bc1 36. Qb8 37. Bg5 38. Rfe8 39. Ne5 40. Qa8 41. Re1 42.
Nd7 43. Nxd7 44. Bxg5 45. Qg4 46. Rcd8 47. Qxg5 48. Rxd7 49. d5 50. exd5 51. e5
52. Qd8 53. Qf4 54. Rc7 55. Re3 56. Qe7 57. Rae1 58. Qe6 59. Rg3 60. Rce7 61.
h4 62. Bc8 63. Ree3 64. Kh8 65. Rg5 66. Qh6 67. Reg3 68. f6 69. exf6 70. Qxf6
71. Qxf6 72. gxf6 73. Rxd5 74. Rg7 75. Rh5 76. Ree7 77. Rxg7 Rxg7 78. Rh6 79.
Rf7 80. Bc4 81. Rf8 82. Rh5 83. Kg7 84. a5 85. Rd8 86. axb6 87. axb6 88. Rb5 89.
Rd1+ 90. Kh2 91. Rd4 92. Bb3 93. Rxh4+ 1/2-1/2

[Event "Superliga w Szachach Szybkich"]
[Site "Wroclaw, Katowice, Krakow, Poznan"]
[Date "2023-10-17"]
[Round "2.16"]
[White "Kashlinskaya, Alina"]
[Black "Antolak, Julia"]
[Result "1-0"]
[WhiteTitle "IM"]
[BlackTitle "WGM"]
[WhiteElo "2377"]
[BlackElo "2192"]

1. d4 2. Nf6 3. c4 4. e6 5. Nf3 6. Bb4+ 7. Nbd2 8. Be7 9. e4 10. d5 11. e5 12.
Nfd7 13. Bd3 14. c5 15. O-O 16. Nc6 17. Re1 18. a6 19. cxd5 20. exd5 21. Nf1 22.
cxd4 23. Bc2 24. Qb6 25. Ng3 26. Nf8 27. Ba4 28. Bd7 29. Bxc6 30. bxc6 31. Nxd4
32. Bc5 33. Be3 34. Ne6 35. Ndf5 36. O-O 37. Nh5 38. Kh8 39. Bxc5 40. Qxc5 41.
Qd2 42. Rab8 43. Re3 44. Qb4 45. Qxb4 46. Rxb4 47. b3 48. d4 49. Rg3 50. Rb5 51.
Re1 52. Rd5 53. Ne7 54. Rc5 55. f4 56. Re8 57. Nf5 58. Rd5 59. Nd6 60. Rf8 61.
f5 62. Nc5 63. Rxg7 64. Nd3 65. Nxf7+ 66. Rxf7 67. Rxf7 68. Kg8 69. e6 70. Nxe1
71. Nf6+ 72. Kh8 73. Rxh7# 1-0

[Event "Superliga w Szachach Szybkich"]
[Site "Wroclaw, Katowice, Krakow, Poznan"]
[Date "2023-10-17"]
[Round "3.1"]
[White "Wojtaszek, Radoslaw"]
[Black "Brodowski, Piotr"]
[Result "1-0"]
[WhiteTitle "GM"]
[BlackTitle "IM"]
[WhiteElo "2648"]
[BlackElo "2367"]

1. d4 2. Nf6 3. c4 4. g6 5. Nf3 6. Bg7 7. g3 8. d6 9. Nc3 10. Bf5 11. Qb3 12. Qc8
13. Bg2 14. c6 15. Nh4 16. Bd7 17. O-O 18. O-O 19. Rd1 20. Na6 21. Qc2 22. Re8
23. b3 24. Rb8 25. Bb2 26. b5 27. cxb5 28. cxb5 29. Qd2 30. b4 31. Ne4 32. Nxe4
33. Bxe4 34. Qd8 35. Ng2 36. e6 37. Rdc1 38. Qb6 39. Rc2 40. d5 41. Bf3 42. Nc7
43. Nf4 44. Nb5 45. e3 46. a5 47. Nd3 48. Rbc8 49. Nc5 50. Bc6 51. Rac1 52. Nd6
53. a4 54. Nb7 55. Be2 56. Nxc5 57. Rxc5 58. Bf8 59. R5c2 60. Rc7 61. Qd3 62.
Rec8 63. Qa6 64. Qxa6 1-0

[Event "Superliga w Szachach Szybkich"]
[Site "Wroclaw, Katowice, Krakow, Poznan"]
[Date "2023-10-17"]
[Round "3.2"]
[White "Licznerski, Lukasz"]
[Black "Kollars, Dmitrij"]
[Result "1-0"]
[WhiteTitle "IM"]
[BlackTitle "GM"]
[WhiteElo "2423"]
[BlackElo "2560"]

1. e4 2. e5 3. Nf3 4. Nc6 5. Bb5 6. a6 7. Bxc6 8. dxc6 9. O-O 10. Qf6 11. d4 12.
exd4 13. Bg5 14. Qd6 15. Nxd4 16. Be7 17. Be3 18. Nf6 19. f3 20. c5 21. Nb3 22.
b6 23. Nc3 24. Qc6 25. Nc1 26. Be6 27. Nd3 28. O-O-O 29. Qe2 30. Nd7 31. Nf4 32.
Kb7 33. Rfd1 34. Bd6 35. Ncd5 36. g5 37. Nh5 38. h6 39. h3 40. Be5 41. c4 42.
Rde8 43. g4 44. a5 45. Rab1 46. Rhg8 47. Kg2 48. f5 49. exf5 50. Bf7 51. Ng3 52.
Bxg3 53. Kxg3 54. h5 55. Qd2 56. Ne5 57. b3 58. Qh6 59. Rh1 60. Rd8 61. h4 62.
Qd6 63. Bxg5 64. Nxc4+ 65. Qf4 66. Bxd5 67. bxc4 68. Qxf4+ 69. Kxf4 70. Bxc4 71.
Bxd8 72. Rxd8 73. Rbd1 74. Rf8 75. Rh2 76. b5 77. Rc1 78. Kb6 79. Rxc4 80. bxc4
81. g5 82. Kc6 83. g6 84. Kd6 85. Re2 86. c3 87. Kg5 88. Rh8 1-0

[Event "Superliga w Szachach Szybkich"]
[Site "Wroclaw, Katowice, Krakow, Poznan"]
[Date "2023-10-17"]
[Round "3.3"]
[White "Teclaf, Pawel"]
[Black "Klimkowski, Jan"]
[Result "1-0"]
[WhiteTitle "GM"]
[BlackTitle "IM"]
[WhiteElo "2508"]
[BlackElo "2368"]

1. c4 2. Nf6 3. g3 4. c5 5. Bg2 6. d5 7. cxd5 8. Nxd5 9. Nc3 10. Nc7 11. d3 12.
Nc6 13. Bxc6+ 14. bxc6 15. Qa4 16. e5 17. Be3 18. Ne6 19. Nf3 20. f6 21. O-O 22.
Be7 23. Qxc6+ 24. Bd7 25. Qd5 26. Nd4 27. Rfc1 28. Rb8 29. b3 30. Qb6 31. Bxd4
32. cxd4 33. Na4 34. Qd6 35. Qa5 36. O-O 37. Qxa7 38. Ra8 39. Qc7 40. Bxa4 41.
Qc4+ 42. Kh8 43. bxa4 44. Qa3 45. Qe6 46. Bb4 47. Rc7 48. Qb2 49. Rf1 50. Qxe2
51. Qg4 52. Rg8 53. Ng5 54. Qxf1+ 55. Kxf1 56. fxg5 57. Qxg5 58. Rxa4 59. Qxe5
60. Bc3 61. Rxg7 1-0

[Event "Superliga w Szachach Szybkich"]
[Site "Wroclaw, Katowice, Krakow, Poznan"]
[Date "2023-10-17"]
[Round "3.4"]
[White "Kulon, Klaudia"]
[Black "Kashlinskaya, Alina"]
[Result "1-0"]
[WhiteTitle "IM"]
[BlackTitle "IM"]
[WhiteElo "2271"]
[BlackElo "2377"]

1. Nf3 2. d5 3. e3 4. Nf6 5. c4 6. e6 7. b3 8. Bd6 9. Bb2 10. a6 11. Nc3 12. b6
13. cxd5 14. exd5 15. d4 16. Bb7 17. Bd3 18. O-O 19. O-O 20. Nbd7 21. Qc2 22.
Re8 23. Nd2 24. Qe7 25. h3 26. Nf8 27. Rae1 28. c5 29. dxc5 30. bxc5 31. e4 32.
d4 33. Na4 34. Ng6 35. e5 36. Bxe5 37. f4 38. Nxf4 39. Rxf4 40. Qc7 41. Rxe5 42.
Qxe5 43. Rf2 44. Rac8 45. Nb6 46. Rc6 47. Nbc4 48. Qc7 49. Ne4 50. Nd5 51. Ng5
52. Rf6 53. Bxh7+ 54. Kf8 55. Be4 56. Rxf2 57. Qxf2 58. Nf6 59. Bxb7 60. Qxb7
61. Nd6 62. Qe7 63. Nxe8 64. Qxe8 65. b4 66. cxb4 67. Bxd4 68. Qc6 69. Qf4 70.
a5 71. Qb8+ 72. Ne8 73. Qe5 74. Qa4 75. Bc5+ 76. Kg8 77. Qe7 78. Qd1+ 79. Kh2
1-0

[Event "Superliga w Szachach Szybkich"]
[Site "Wroclaw, Katowice, Krakow, Poznan"]
[Date "2023-10-17"]
[Round "3.5"]
[White "Pechac, Jergus"]
[Black "Tomczak, Jacek"]
[Result "1-0"]
[WhiteTitle "GM"]
[BlackTitle "GM"]
[WhiteElo "2548"]
[BlackElo "2549"]

1. c4 2. Nf6 3. Nf3 4. g6 5. Nc3 6. Bg7 7. e4 8. e5 9. Nxe5 10. O-O 11. Nf3 12.
Re8 13. d3 14. d5 15. cxd5 16. Nxd5 17. Bd2 18. Bg4 19. Be2 20. Bxf3 21. gxf3
22. Nb4 23. Be3 24. N8c6 25. a3 26. Na6 27. h4 28. Nd4 29. Rc1 30. Nc5 31. Nd5
32. Nce6 33. Kf1 34. c6 35. Nf4 36. Nxf4 37. Bxf4 38. Qd7 39. h5 40. Ne6 41. Qd2
42. Nxf4 43. Qxf4 44. Bxb2 45. Rb1 46. Bg7 47. hxg6 48. hxg6 49. Kg2 50. b6 51.
Bd1 52. Re5 53. Bb3 54. Qe7 55. d4 56. Rg5+ 57. Kf1 58. Bxd4 59. Bxf7+ 60. Kg7
61. Bc4 62. Bxf2 63. Kxf2 64. Qc5+ 65. Ke1 66. Rf8 67. Qc7+ 68. Kf6 69. Rd1 70.
Qe3+ 71. Be2 72. Rg1+ 73. Rxg1 74. Qxg1+ 75. Kd2 76. Qc5 77. e5+ 78. Kg5 79. Qd6
80. Qa5+ 81. Kc2 82. Qa4+ 83. Kb2 84. Rf4 85. Qe7+ 1-0